[Event "MP do 18 lat - chlopcy"]
[Site "Sypniewo"]
[Date "2022.03.27"]
[Round "9.1"]
[White "Baum, Jonasz"]
[Black "Luczak, Filip"]
[Result "1/2-1/2"]
[BlackElo "2300"]
[WhiteElo "2317"]
[LiveChessVersion "1.4.8"]

1. d4 {[%clk 1:30:58]} d5 {[%clk 1:30:48]} 2. Nf3 {[%clk 1:30:52]} e6
{[%clk 1:27:45]} 3. c4 {[%clk 1:29:56]} c6 {[%clk 1:25:16]} 4. Nbd2
{[%clk 1:29:42]} f5 {[%clk 1:23:32]} 5. b3 {[%clk 1:25:45]} Nf6 {[%clk 1:18:23]}
6. e3 {[%clk 1:21:04]} Be7 {[%clk 1:15:08]} 7. Be2 {[%clk 1:20:08]} O-O
{[%clk 1:14:17]} 8. Bb2 {[%clk 1:18:20]} Bd7 {[%clk 1:12:19]} 9. Qc1
{[%clk 1:10:51]} Be8 {[%clk 1:08:04]} 10. Ba3 {[%clk 1:05:28]} Bh5
{[%clk 1:05:17]} 11. Bd3 {[%clk 0:52:41]} Ne4 {[%clk 0:59:47]} 12. Bxe7
{[%clk 0:50:52]} Qxe7 {[%clk 0:58:10]} 13. Ne5 {[%clk 0:51:21]} Nd7
{[%clk 0:52:46]} 14. Nxd7 {[%clk 0:47:49]} Qxd7 {[%clk 0:53:10]} 15. f3
{[%clk 0:47:45]} Nd6 {[%clk 0:44:47]} 16. O-O {[%clk 0:47:04]} f4
{[%clk 0:39:04]} 17. Qe1 {[%clk 0:41:11]} Nf5 {[%clk 0:34:54]} 18. Bxf5
{[%clk 0:39:17]} exf5 {[%clk 0:33:46]} 19. exf4 {[%clk 0:35:36]} dxc4
{[%clk 0:32:55]} 20. Nxc4 {[%clk 0:35:29]} Qxd4+ {[%clk 0:31:56]} 21. Qe3
{[%clk 0:35:51]} Rad8 {[%clk 0:26:53]} 22. Rad1 {[%clk 0:32:35]} Qxd1
{[%clk 0:22:54]} 23. Rxd1 {[%clk 0:32:54]} Rxd1+ {[%clk 0:23:23]} 24. Kf2
{[%clk 0:33:19]} Bf7 {[%clk 0:17:07]} 25. Ne5 {[%clk 0:33:29]} Ra1
{[%clk 0:16:35]} 26. Qxa7 {[%clk 0:29:26]} Bxb3 {[%clk 0:16:29]} 27. Qxb7
{[%clk 0:29:34]} Rxa2+ {[%clk 0:14:20]} 28. Kg3 {[%clk 0:29:20]} Bd5
{[%clk 0:12:42]} 29. Nxc6 {[%clk 0:28:53]} Kh8 {[%clk 0:11:29]} 30. Qe7
{[%clk 0:28:21]} Raa8 {[%clk 0:10:50]} 31. Ne5 {[%clk 0:28:40]} Rae8
{[%clk 0:08:02]} 32. Qc5 {[%clk 0:26:22]} Bg8 {[%clk 0:07:46]} 33. h4
{[%clk 0:23:52]} Rc8 {[%clk 0:07:56]} 34. Qe7 {[%clk 0:22:10]} Rce8
{[%clk 0:07:13]} 35. Qc5 {[%clk 0:21:58]} Rc8 {[%clk 0:05:14]} 36. Qe7
{[%clk 0:12:12]} Rf6 {[%clk 0:03:47]} 37. h5 {[%clk 0:10:49]} Rc1
{[%clk 0:02:38]} 38. Qe8 {[%clk 0:09:24]} Rc7 {[%clk 0:01:21]} 39. Kh4
{[%clk 0:09:23]} Rc1 {[%clk 0:00:38]} 40. Kg3 {[%clk 0:36:33]} Rc7
{[%clk 0:30:37]} 41. Qb8 {[%clk 0:34:17]} Re7 {[%clk 0:24:08]} 1/2-1/2

[Event "MP do 18 lat - chlopcy"]
[Site "Sypniewo"]
[Date "2022.03.27"]
[Round "9.2"]
[White "Luberanski, Jakub"]
[Black "Czopor, Maciej"]
[Result "1/2-1/2"]
[BlackElo "2423"]
[WhiteElo "2211"]
[LiveChessVersion "1.4.8"]

1. e4 {[%clk 1:30:56]} e5 {[%clk 1:29:51]} 2. Nf3 {[%clk 1:31:17]} Nc6
{[%clk 1:30:15]} 3. Bb5 {[%clk 1:31:42]} a6 {[%clk 1:30:36]} 4. Bxc6
{[%clk 1:32:08]} dxc6 {[%clk 1:31:02]} 5. O-O {[%clk 1:32:34]} Bg4
{[%clk 1:31:22]} 6. h3 {[%clk 1:32:59]} h5 {[%clk 1:31:41]} 7. d3
{[%clk 1:33:25]} Qf6 {[%clk 1:31:30]} 8. Nbd2 {[%clk 1:32:47]} Ne7
{[%clk 1:30:59]} 9. Re1 {[%clk 1:31:42]} Ng6 {[%clk 1:30:39]} 10. d4
{[%clk 1:31:24]} Bd6 {[%clk 1:30:17]} 11. hxg4 {[%clk 1:12:21]} hxg4
{[%clk 1:30:43]} 12. Nh2 {[%clk 1:12:48]} Rxh2 {[%clk 1:30:40]} 13. Qxg4
{[%clk 1:12:49]} Qh4 {[%clk 1:30:57]} 14. Qxh4 {[%clk 1:13:12]} Rxh4
{[%clk 1:31:23]} 15. Nf3 {[%clk 1:11:45]} Rh5 {[%clk 1:31:50]} 16. c3
{[%clk 1:03:02]} O-O-O {[%clk 1:30:04]} 17. g3 {[%clk 1:02:11]} exd4
{[%clk 1:20:52]} 18. cxd4 {[%clk 1:01:15]} c5 {[%clk 1:20:44]} 19. Be3
{[%clk 0:52:20]} cxd4 {[%clk 1:20:06]} 20. Bxd4 {[%clk 0:52:47]} f6
{[%clk 1:13:11]} 21. Kg2 {[%clk 0:50:10]} c5 {[%clk 1:08:36]} 22. Bc3
{[%clk 0:50:15]} Kc7 {[%clk 1:02:40]} 23. Rh1 {[%clk 0:46:54]} Rdh8
{[%clk 0:48:45]} 24. Rxh5 {[%clk 0:47:18]} Rxh5 {[%clk 0:49:10]} 25. a4
{[%clk 0:47:34]} b6 {[%clk 0:43:54]} 26. Nd2 {[%clk 0:39:30]} Kc6
{[%clk 0:43:23]} 27. Nc4 {[%clk 0:39:34]} Bc7 {[%clk 0:40:21]} 28. Ne3
{[%clk 0:39:39]} Ne7 {[%clk 0:40:01]} 29. b4 {[%clk 0:34:23]} Be5
{[%clk 0:34:06]} 30. Rc1 {[%clk 0:31:25]} Bxc3 {[%clk 0:34:11]} 31. Rxc3
{[%clk 0:31:48]} Re5 {[%clk 0:34:31]} 32. f3 {[%clk 0:28:58]} b5 {[%clk 0:30:24]}
33. Ng4 {[%clk 0:20:23]} Rg5 {[%clk 0:30:26]} 34. e5 {[%clk 0:19:46]} bxa4
{[%clk 0:18:11]} 35. Rxc5+ {[%clk 0:16:48]} Kb6 {[%clk 0:17:43]} 36. Ra5
{[%clk 0:15:40]} Nc6 {[%clk 0:17:07]} 37. exf6 {[%clk 0:08:32]} Nxa5
{[%clk 0:13:16]} 38. f4 {[%clk 0:08:42]} gxf6 {[%clk 0:10:51]} 39. fxg5
{[%clk 0:08:59]} fxg5 {[%clk 0:11:01]} 40. bxa5+ {[%clk 0:39:21]} Kxa5
{[%clk 0:39:15]} 41. Ne3 {[%clk 0:31:40]} Kb4 {[%clk 0:37:49]} 42. Kf2
{[%clk 0:31:55]} Kc3 {[%clk 0:36:48]} 43. Ke2 {[%clk 0:32:01]} a3
{[%clk 0:36:39]} 44. Kd1 {[%clk 0:32:15]} a2 {[%clk 0:32:13]} 45. Nc2
{[%clk 0:32:01]} g4 {[%clk 0:28:07]} 46. Kc1 {[%clk 0:28:37]} a5 {[%clk 0:28:26]}
47. Kd1 {[%clk 0:27:02]} Kd3 {[%clk 0:28:12]} 48. Kc1 {[%clk 0:25:44]} Kc3
{[%clk 0:27:52]} 49. Kd1 {[%clk 0:26:09]} a4 {[%clk 0:23:45]} 50. Kc1
{[%clk 0:25:52]} a3 {[%clk 0:23:33]} 51. Kd1 {[%clk 0:17:38]} Kd3
{[%clk 0:23:46]} 52. Nb4+ {[%clk 0:16:31]} Ke3 {[%clk 0:24:06]} 53. Nxa2
{[%clk 0:16:57]} Kf2 {[%clk 0:24:31]} 54. Kc2 {[%clk 0:17:21]} Kxg3
{[%clk 0:24:58]} 55. Nb4 {[%clk 0:17:47]} Kf3 {[%clk 0:22:05]} 56. Nd3
{[%clk 0:17:44]} g3 {[%clk 0:22:09]} 57. Ne1+ {[%clk 0:17:57]} Kf2
{[%clk 0:22:30]} 58. Nd3+ {[%clk 0:18:24]} Ke3 {[%clk 0:22:57]} 59. Ne1
{[%clk 0:18:49]} Ke2 {[%clk 0:22:49]} 60. Ng2 {[%clk 0:19:14]} Kf2
{[%clk 0:22:01]} 1/2-1/2

[Event "MP do 18 lat - chlopcy"]
[Site "Sypniewo"]
[Date "2022.03.27"]
[Round "9.3"]
[White "Niedbala, Bartlomiej"]
[Black "Seemann, Jakub"]
[Result "0-1"]
[BlackElo "2298"]
[WhiteElo "2385"]
[LiveChessVersion "1.4.8"]

1. e4 {[%clk 1:23:27]} c5 {[%clk 1:30:54]} 2. Nf3 {[%clk 1:23:48]} d6
{[%clk 1:31:20]} 3. d4 {[%clk 1:24:11]} cxd4 {[%clk 1:31:44]} 4. Nxd4
{[%clk 1:24:37]} Nf6 {[%clk 1:32:08]} 5. Nc3 {[%clk 1:25:04]} a6 {[%clk 1:32:32]}
6. h4 {[%clk 1:25:10]} e5 {[%clk 1:32:58]} 7. Nb3 {[%clk 1:25:36]} Be7
{[%clk 1:33:25]} 8. Be2 {[%clk 1:23:51]} b5 {[%clk 1:30:45]} 9. Bg5
{[%clk 1:11:39]} Be6 {[%clk 1:23:02]} 10. Bxf6 {[%clk 1:07:33]} Bxf6
{[%clk 1:21:57]} 11. g3 {[%clk 1:07:46]} Be7 {[%clk 1:20:24]} 12. Qd3
{[%clk 1:05:14]} Nd7 {[%clk 1:20:38]} 13. O-O-O {[%clk 1:05:20]} Nf6
{[%clk 1:20:09]} 14. f4 {[%clk 0:59:14]} Rc8 {[%clk 1:15:41]} 15. Kb1
{[%clk 0:53:56]} Qc7 {[%clk 1:10:26]} 16. a3 {[%clk 0:43:31]} O-O
{[%clk 1:07:46]} 17. Qe3 {[%clk 0:36:30]} Rfd8 {[%clk 1:02:07]} 18. f5
{[%clk 0:23:52]} Bc4 {[%clk 0:57:52]} 19. Bxc4 {[%clk 0:21:02]} Qxc4
{[%clk 0:44:00]} 20. Qd3 {[%clk 0:14:39]} b4 {[%clk 0:40:29]} 21. axb4
{[%clk 0:13:04]} Qxb4 {[%clk 0:40:10]} 22. Nd5 {[%clk 0:11:16]} Nxd5
{[%clk 0:40:28]} 23. Qxd5 {[%clk 0:11:43]} Rb8 {[%clk 0:34:18]} 24. Rhe1
{[%clk 0:10:08]} Rdc8 {[%clk 0:32:09]} 25. Qd2 {[%clk 0:05:48]} Qb6
{[%clk 0:29:34]} 26. Qe3 {[%clk 0:05:02]} Qc6 {[%clk 0:28:54]} 27. Re2
{[%clk 0:04:36]} a5 {[%clk 0:29:10]} 28. Nxa5 {[%clk 0:03:36]} Qa6
{[%clk 0:25:39]} 29. Rd5 {[%clk 0:03:15]} Bd8 {[%clk 0:25:57]} 30. Qd3
{[%clk 0:03:15]} Qb6 {[%clk 0:24:53]} 31. Nb3 {[%clk 0:03:43]} Qg1+
{[%clk 0:24:10]} 32. Nc1 {[%clk 0:03:23]} Bb6 {[%clk 0:22:51]} 33. c3
{[%clk 0:01:28]} Bd4 {[%clk 0:12:00]} 34. Rc2 {[%clk 0:01:03]} Bf2
{[%clk 0:10:28]} 35. Qf3 {[%clk 0:00:54]} Bd4 {[%clk 0:06:27]} 36. Rg2
{[%clk 0:00:33]} Bxc3 {[%clk 0:05:29]} 37. b3 {[%clk 0:00:32]} Rxb3+
{[%clk 0:05:44]} 38. Ka2 {[%clk 0:00:54]} Qxc1 {[%clk 0:05:53]} 39. Kxb3
{[%clk 0:01:19]} Rb8+ {[%clk 0:06:18]} 40. Kc4 {[%clk 0:31:13]} Bd4+
{[%clk 0:36:43]} 0-1

[Event "MP do 18 lat - chlopcy"]
[Site "Sypniewo"]
[Date "2022.03.27"]
[Round "9.4"]
[White "Dzida, Kamil"]
[Black "Poltorak, Sebastian"]
[Result "0-1"]
[BlackElo "2303"]
[WhiteElo "2243"]
[LiveChessVersion "1.4.8"]

1. e4 {[%clk 1:30:59]} c6 {[%clk 1:30:45]} 2. d4 {[%clk 1:31:21]} d5
{[%clk 1:31:11]} 3. e5 {[%clk 1:31:45]} c5 {[%clk 1:31:37]} 4. dxc5
{[%clk 1:32:09]} e6 {[%clk 1:32:03]} 5. Nf3 {[%clk 1:32:33]} Bxc5
{[%clk 1:32:28]} 6. a3 {[%clk 1:32:43]} Ne7 {[%clk 1:32:53]} 7. Bd3
{[%clk 1:33:08]} Ng6 {[%clk 1:33:11]} 8. O-O {[%clk 1:33:29]} O-O
{[%clk 1:33:06]} 9. Ng5 {[%clk 1:33:51]} Qc7 {[%clk 1:33:31]} 10. Qh5
{[%clk 1:34:14]} h6 {[%clk 1:33:57]} 11. Nf3 {[%clk 1:34:38]} Nc6
{[%clk 1:33:53]} 12. Re1 {[%clk 1:35:02]} Nd4 {[%clk 1:34:10]} 13. Nxd4
{[%clk 1:35:31]} Bxd4 {[%clk 1:34:34]} 14. c3 {[%clk 1:35:52]} Bc5
{[%clk 1:34:54]} 15. a4 {[%clk 1:36:16]} a6 {[%clk 1:34:55]} 16. Na3
{[%clk 1:36:38]} Bd7 {[%clk 1:34:18]} 17. Nc2 {[%clk 1:37:01]} Be8
{[%clk 1:31:39]} 18. Nd4 {[%clk 1:37:29]} Bxd4 {[%clk 1:31:43]} 19. cxd4
{[%clk 1:37:51]} Qb6 {[%clk 1:31:29]} 20. Be3 {[%clk 1:38:14]} f5
{[%clk 1:31:53]} 21. exf6 {[%clk 1:36:45]} Rxf6 {[%clk 1:32:16]} 22. Qd1
{[%clk 1:37:10]} Qxb2 {[%clk 1:25:46]} 23. Rb1 {[%clk 1:32:21]} Qc3
{[%clk 1:26:03]} 24. Rb3 {[%clk 1:24:55]} Qc8 {[%clk 1:11:56]} 25. Qb1
{[%clk 1:19:58]} Nf4 {[%clk 1:06:31]} 26. Rc1 {[%clk 1:13:20]} Bc6
{[%clk 1:04:51]} 27. Bf1 {[%clk 1:13:43]} Qd7 {[%clk 1:02:04]} 28. Rb6
{[%clk 1:08:36]} Ng6 {[%clk 0:53:29]} 29. Rc3 {[%clk 0:57:54]} Ne7
{[%clk 0:52:06]} 30. f3 {[%clk 0:50:11]} Nc8 {[%clk 0:50:00]} 31. Rb2
{[%clk 0:49:23]} Nd6 {[%clk 0:49:03]} 32. Qc1 {[%clk 0:49:11]} Rf7
{[%clk 0:39:14]} 33. Bf4 {[%clk 0:43:29]} Bxa4 {[%clk 0:38:05]} 34. Bd3
{[%clk 0:42:07]} Rc8 {[%clk 0:30:24]} 35. Be5 {[%clk 0:23:59]} Rxc3
{[%clk 0:24:52]} 36. Qxc3 {[%clk 0:24:28]} Bb5 {[%clk 0:23:36]} 37. Bb1
{[%clk 0:20:33]} Nc4 {[%clk 0:23:32]} 38. Re2 {[%clk 0:17:39]} Nxe5
{[%clk 0:23:44]} 39. Rxe5 {[%clk 0:18:08]} Qc7 {[%clk 0:23:21]} 40. Qe1 Qc4
{[%clk 0:44:50]} 41. Rxe6 {[%clk 0:42:55]} Qxd4+ {[%clk 0:44:48]} 42. Kh1
{[%clk 0:43:14]} Qf4 {[%clk 0:32:15]} 43. Qd1 {[%clk 0:37:26]} Ba4
{[%clk 0:29:42]} 44. Qf1 {[%clk 0:33:51]} Rc7 {[%clk 0:28:43]} 45. Re1
{[%clk 0:34:08]} Qd2 {[%clk 0:27:33]} 46. Bg6 {[%clk 0:34:02]} Rc4
{[%clk 0:19:49]} 47. h3 {[%clk 0:32:41]} Rd4 {[%clk 0:19:22]} 48. Kh2
{[%clk 0:30:46]} Qf4+ {[%clk 0:19:31]} 49. Kh1 {[%clk 0:28:17]} Qg3
{[%clk 0:19:17]} 50. Re6 {[%clk 0:26:55]} Rd2 {[%clk 0:18:26]} 51. Kg1
{[%clk 0:24:33]} Kf8 {[%clk 0:15:49]} 52. f4 {[%clk 0:24:42]} Bd7
{[%clk 0:15:39]} 53. f5 {[%clk 0:24:28]} d4 {[%clk 0:11:37]} 54. Re4
{[%clk 0:23:16]} Bc6 {[%clk 0:08:40]} 55. Rg4 {[%clk 0:23:40]} Qe3+
{[%clk 0:08:44]} 56. Kh2 {[%clk 0:24:08]} Qe5+ {[%clk 0:08:25]} 57. Kh1
{[%clk 0:23:42]} Re2 {[%clk 0:08:14]} 58. f6 {[%clk 0:24:11]} gxf6
{[%clk 0:08:31]} 0-1

[Event "MP do 18 lat - chlopcy"]
[Site "Sypniewo"]
[Date "2022.03.27"]
[Round "9.5"]
[White "Budzisz, Adrian"]
[Black "Suder, Jakub"]
[Result "0-1"]
[BlackElo "2321"]
[WhiteElo "2064"]
[LiveChessVersion "1.4.8"]

1. d4 {[%clk 1:30:58]} d5 {[%clk 1:30:36]} 2. Nf3 {[%clk 1:31:19]} e6
{[%clk 1:30:54]} 3. c4 {[%clk 1:31:46]} Nf6 {[%clk 1:31:20]} 4. g3
{[%clk 1:32:10]} Be7 {[%clk 1:31:44]} 5. Bg2 {[%clk 1:32:37]} O-O
{[%clk 1:32:08]} 6. O-O {[%clk 1:33:02]} dxc4 {[%clk 1:32:35]} 7. Qc2
{[%clk 1:33:28]} b5 {[%clk 1:32:59]} 8. a4 {[%clk 1:33:54]} b4 {[%clk 1:33:18]}
9. Nfd2 {[%clk 1:34:21]} Nd5 {[%clk 1:33:42]} 10. Nxc4 {[%clk 1:34:47]} c5
{[%clk 1:34:04]} 11. dxc5 {[%clk 1:35:15]} Bxc5 {[%clk 1:34:19]} 12. e4
{[%clk 1:35:24]} Nb6 {[%clk 1:32:59]} 13. Rd1 {[%clk 1:33:17]} N8d7
{[%clk 1:32:16]} 14. Ne5 {[%clk 1:27:13]} a5 {[%clk 1:08:08]} 15. Bf4
{[%clk 1:20:21]} Ba6 {[%clk 1:03:44]} 16. Nd2 {[%clk 1:13:56]} Be2
{[%clk 0:59:01]} 17. Re1 {[%clk 1:11:20]} Rc8 {[%clk 0:59:03]} 18. Qb3
{[%clk 1:10:48]} Nxe5 {[%clk 0:57:42]} 19. Rxe2 {[%clk 1:11:10]} Nd3
{[%clk 0:57:01]} 20. Rd1 {[%clk 1:05:59]} Nxf4 {[%clk 0:55:38]} 21. gxf4
{[%clk 1:06:25]} Qf6 {[%clk 0:55:41]} 22. Qf3 {[%clk 0:57:38]} Qxb2
{[%clk 0:52:03]} 23. Nb3 {[%clk 0:44:22]} Qc3 {[%clk 0:50:14]} 24. Rd3
{[%clk 0:42:51]} Qf6 {[%clk 0:47:03]} 25. Ra2 {[%clk 0:42:54]} e5
{[%clk 0:45:10]} 26. Nxa5 {[%clk 0:41:59]} exf4 {[%clk 0:44:27]} 27. Nb3
{[%clk 0:41:55]} Nc4 {[%clk 0:42:43]} 28. Rd5 {[%clk 0:40:19]} Ba7
{[%clk 0:41:48]} 29. Rf5 {[%clk 0:39:11]} Qc3 {[%clk 0:40:15]} 30. Qxc3
{[%clk 0:31:18]} bxc3 {[%clk 0:40:37]} 31. Bf1 {[%clk 0:29:18]} Rfd8
{[%clk 0:37:08]} 32. Rc2 {[%clk 0:25:16]} Na3 {[%clk 0:36:44]} 33. Ra2
{[%clk 0:23:41]} Nc4 {[%clk 0:33:49]} 34. Rc2 {[%clk 0:24:06]} Nd2
{[%clk 0:26:01]} 35. Nxd2 {[%clk 0:24:06]} cxd2 {[%clk 0:26:18]} 36. Rd5
{[%clk 0:24:33]} Bxf2+ {[%clk 0:26:26]} 37. Kg2 {[%clk 0:24:03]} Be3
{[%clk 0:25:48]} 38. Rxc8 {[%clk 0:23:58]} Rxc8 {[%clk 0:26:12]} 39. Be2
{[%clk 0:23:19]} Kf8 {[%clk 0:25:55]} 40. a5 {[%clk 0:50:36]} Ke7
{[%clk 0:55:22]} 41. a6 {[%clk 0:50:54]} g6 {[%clk 0:50:56]} 42. Kf3
{[%clk 0:43:08]} Rc1 {[%clk 0:49:08]} 43. e5 {[%clk 0:39:19]} Ra1
{[%clk 0:48:08]} 44. Ke4 {[%clk 0:39:18]} Ra4+ {[%clk 0:48:14]} 45. Kf3
{[%clk 0:39:25]} Ke6 {[%clk 0:48:05]} 46. Rd8 {[%clk 0:37:12]} Kxe5
{[%clk 0:47:52]} 47. Bb5 {[%clk 0:37:17]} Ra1 {[%clk 0:47:29]} 48. Be2
{[%clk 0:36:01]} f5 {[%clk 0:46:02]} 0-1

[Event "MP do 18 lat - chlopcy"]
[Site "Sypniewo"]
[Date "2022.03.27"]
[Round "9.6"]
[White "Fiedorek, Michal"]
[Black "Kacprzak, Kacper"]
[Result "1-0"]
[BlackElo "2248"]
[WhiteElo "2317"]
[LiveChessVersion "1.4.8"]

1. e4 {[%clk 1:30:58]} c5 {[%clk 1:30:55]} 2. Nf3 {[%clk 1:31:23]} d6
{[%clk 1:31:22]} 3. d4 {[%clk 1:31:45]} cxd4 {[%clk 1:31:48]} 4. Nxd4
{[%clk 1:32:07]} Nf6 {[%clk 1:32:14]} 5. Nc3 {[%clk 1:32:27]} a6 {[%clk 1:31:59]}
6. Be3 {[%clk 1:31:40]} e6 {[%clk 1:30:23]} 7. f3 {[%clk 1:31:53]} b5
{[%clk 1:30:46]} 8. Qd2 {[%clk 1:31:49]} Bb7 {[%clk 1:31:11]} 9. g4
{[%clk 1:31:43]} Nfd7 {[%clk 1:27:27]} 10. O-O-O {[%clk 1:31:50]} Nb6
{[%clk 1:26:49]} 11. Nb3 {[%clk 1:32:01]} N8d7 {[%clk 1:26:25]} 12. Na5
{[%clk 1:31:50]} Qc7 {[%clk 1:26:46]} 13. Kb1 {[%clk 1:31:39]} Be7
{[%clk 1:23:59]} 14. h4 {[%clk 1:30:47]} b4 {[%clk 1:21:09]} 15. Ne2
{[%clk 1:30:35]} d5 {[%clk 1:21:32]} 16. Bg5 {[%clk 1:29:25]} Bc5
{[%clk 1:17:12]} 17. Nd4 {[%clk 1:28:17]} h6 {[%clk 0:56:38]} 18. Be3
{[%clk 1:14:02]} dxe4 {[%clk 0:47:32]} 19. Nxb7 {[%clk 1:13:45]} Qxb7
{[%clk 0:44:51]} 20. fxe4 {[%clk 1:13:09]} Be7 {[%clk 0:41:06]} 21. g5
{[%clk 1:11:11]} Ne5 {[%clk 0:35:12]} 22. gxh6 {[%clk 1:04:30]} gxh6
{[%clk 0:30:18]} 23. Qe2 {[%clk 0:49:01]} h5 {[%clk 0:25:36]} 24. Nf3
{[%clk 0:42:35]} Nec4 {[%clk 0:20:43]} 25. Bd4 {[%clk 0:41:45]} Rg8
{[%clk 0:19:51]} 26. Ng5 {[%clk 0:37:08]} Bxg5 {[%clk 0:13:44]} 27. hxg5
{[%clk 0:37:11]} Rxg5 {[%clk 0:11:41]} 28. Bf6 {[%clk 0:34:14]} Rg6
{[%clk 0:10:35]} 29. Bh4 {[%clk 0:33:44]} Rg4 {[%clk 0:09:29]} 30. Qd3
{[%clk 0:28:30]} Qc7 {[%clk 0:07:28]} 31. Be2 {[%clk 0:27:55]} Rg8
{[%clk 0:04:22]} 32. Rhg1 {[%clk 0:25:51]} Rf8 {[%clk 0:03:51]} 33. Rg5
{[%clk 0:22:20]} Qe7 {[%clk 0:01:36]} 34. Qd4 {[%clk 0:16:21]} Rc8
{[%clk 0:00:48]} 35. Bxc4 {[%clk 0:13:01]} Nxc4 {[%clk 0:00:54]} 36. Rc5
{[%clk 0:13:08]} 1-0

[Event "MP do 18 lat - chlopcy"]
[Site "Sypniewo"]
[Date "2022.03.27"]
[Round "9.7"]
[White "Ochedzan, Tymon"]
[Black "Grzesik, Gracjan"]
[Result "0-1"]
[BlackElo "2208"]
[WhiteElo "2308"]
[LiveChessVersion "1.4.8"]

1. e4 {[%clk 1:30:39]} c5 {[%clk 1:30:47]} 2. Nf3 {[%clk 1:30:55]} d6
{[%clk 1:31:11]} 3. c3 {[%clk 1:31:18]} Nf6 {[%clk 1:30:53]} 4. Be2
{[%clk 1:31:32]} Bd7 {[%clk 1:31:06]} 5. Qc2 {[%clk 1:29:55]} Qc7
{[%clk 1:30:41]} 6. O-O {[%clk 1:27:36]} g6 {[%clk 1:30:08]} 7. d4
{[%clk 1:20:22]} cxd4 {[%clk 1:29:34]} 8. Nxd4 {[%clk 1:20:46]} Bg7
{[%clk 1:29:46]} 9. Rd1 {[%clk 1:12:30]} Nc6 {[%clk 1:26:00]} 10. Nb5
{[%clk 1:09:17]} Qd8 {[%clk 1:18:18]} 11. a4 {[%clk 1:06:09]} O-O
{[%clk 1:17:41]} 12. Be3 {[%clk 1:03:12]} a6 {[%clk 1:07:29]} 13. N5a3
{[%clk 1:02:25]} Rb8 {[%clk 1:05:53]} 14. h3 {[%clk 0:59:44]} Qc7
{[%clk 1:03:30]} 15. Nd2 {[%clk 0:57:41]} Rfc8 {[%clk 1:01:10]} 16. f4
{[%clk 0:55:23]} h5 {[%clk 0:42:22]} 17. Nf3 {[%clk 0:53:54]} Be8
{[%clk 0:30:47]} 18. Ng5 {[%clk 0:47:52]} e6 {[%clk 0:19:51]} 19. Nc4
{[%clk 0:36:59]} d5 {[%clk 0:18:15]} 20. Nb6 {[%clk 0:36:52]} Rd8
{[%clk 0:16:43]} 21. exd5 {[%clk 0:35:31]} Nb4 {[%clk 0:11:31]} 22. Qc1
{[%clk 0:32:13]} Nbxd5 {[%clk 0:11:20]} 23. Nxd5 {[%clk 0:29:20]} Nxd5
{[%clk 0:11:42]} 24. Bf3 {[%clk 0:29:10]} Nxe3 {[%clk 0:08:52]} 25. Qxe3
{[%clk 0:28:52]} Bc6 {[%clk 0:05:31]} 26. Kh1 {[%clk 0:25:28]} Bxf3
{[%clk 0:01:52]} 27. Qxf3 {[%clk 0:24:49]} Qb6 {[%clk 0:01:48]} 28. b4
{[%clk 0:23:30]} Qc7 {[%clk 0:00:57]} 29. Ne4 {[%clk 0:21:48]} Qc4
{[%clk 0:01:10]} 30. Qe3 {[%clk 0:18:03]} Rd5 {[%clk 0:00:42]} 31. Rac1
{[%clk 0:14:37]} Rbd8 {[%clk 0:00:43]} 32. Re1 {[%clk 0:13:51]} Rd3
{[%clk 0:00:38]} 33. Qb6 {[%clk 0:12:55]} Qd5 {[%clk 0:00:32]} 34. c4
{[%clk 0:12:07]} Qf5 {[%clk 0:00:34]} 35. Nf2 {[%clk 0:07:15]} Rd2
{[%clk 0:00:36]} 36. Ne4 {[%clk 0:06:05]} R2d3 {[%clk 0:00:37]} 37. Nf2
{[%clk 0:06:31]} Rd2 {[%clk 0:00:48]} 38. Ne4 {[%clk 0:06:25]} R2d4
{[%clk 0:00:58]} 39. Ng3 {[%clk 0:04:00]} Qxf4 {[%clk 0:00:32]} 40. Ne2
{[%clk 0:33:46]} Qd6 {[%clk 0:30:34]} 41. Qxb7 {[%clk 0:29:23]} Rd2
{[%clk 0:24:35]} 42. c5 {[%clk 0:27:55]} Qe5 {[%clk 0:19:29]} 43. Ng1
{[%clk 0:22:16]} Qg5 {[%clk 0:06:49]} 44. Qf3 {[%clk 0:18:51]} Be5
{[%clk 0:02:12]} 45. Rc4 {[%clk 0:11:02]} R8d3 {[%clk 0:01:01]} 46. h4
{[%clk 0:11:02]} Qe7 {[%clk 0:00:33]} 47. Re3 {[%clk 0:10:08]} Rd4
{[%clk 0:00:33]} 48. Re4 {[%clk 0:08:14]} R4d3 {[%clk 0:00:32]} 49. Qf1
{[%clk 0:08:25]} Bb8 {[%clk 0:00:33]} 50. b5 {[%clk 0:06:45]} Rd1
{[%clk 0:00:32]} 51. Qf2 {[%clk 0:06:45]} Qc7 {[%clk 0:00:36]} 52. Rf4
{[%clk 0:06:41]} axb5 {[%clk 0:00:36]} 53. axb5 {[%clk 0:07:06]} e5
{[%clk 0:00:34]} 54. b6 {[%clk 0:06:40]} Qc6 {[%clk 0:00:32]} 55. Rf3
{[%clk 0:06:24]} R3d2 {[%clk 0:00:32]} 56. Qe3 {[%clk 0:05:10]} Qd5
{[%clk 0:00:33]} 57. Rb4 {[%clk 0:03:21]} Rc2 {[%clk 0:00:32]} 58. Rb5
{[%clk 0:02:54]} Rcc1 {[%clk 0:00:33]} 59. b7 {[%clk 0:02:01]} Rxg1+
{[%clk 0:00:32]} 60. Qxg1 {[%clk 0:02:19]} Rxg1+ {[%clk 0:00:43]} 61. Kxg1
{[%clk 0:02:43]} Qd4+ {[%clk 0:00:42]} 62. Kh1 {[%clk 0:02:17]} Qd1+
{[%clk 0:00:37]} 63. Kh2 {[%clk 0:02:43]} e4+ {[%clk 0:00:59]} 64. Rg3
{[%clk 0:03:08]} Bxg3+ {[%clk 0:00:36]} 65. Kxg3 {[%clk 0:03:33]} Qd3+ 0-1